书目信息 |
| 题名: |
振动与波
|
|
| 作者: | г.C.高列力克 著 ;冯秉铨 译 | |
| 分册: | 第一册 | |
| 出版信息: | 北京 高等教育出版社 1955.08 |
|
| 页数: | 197页 | |
| 开本: | 26cm | |
| 丛书名: | ||
| 单 册: | ||
| 中图分类: | O32 | |
| 科图分类: | ||
| 主题词: | 振动理论 | |
| 电子资源: | ||
| ISBN: | ||
| 000 | 00647nam0 2200217 450 | |
| 001 | 0640364546 | |
| 005 | 20060728111611.82 | |
| 010 | @dCNY1.60 | |
| 100 | @a20060728d1955 km y0chiy0120 ea | |
| 101 | 0 | @achi |
| 102 | @aCN@b110000 | |
| 200 | 1 | @a振动与波@Azhen dong yu bo@h第一册@fг.C.高列力克著@Fг.C.gao lie li ke zhu@g冯秉铨等译@Gfeng bing quan deng yi |
| 210 | @a北京@c高等教育出版社@d1955.08 | |
| 215 | @a197页@d26cm | |
| 300 | @a高等学校教学用书 | |
| 606 | 0 | @a振动理论 |
| 690 | @aO32@v3 | |
| 701 | 0 | @aг.C.高列力克@Aг.C.gao lie li ke@4著 |
| 702 | 0 | @a冯秉铨@Afeng bing quan@4译 |
| 801 | 0 | @aCN@bPFT@c20060728 |
| 905 | @a10447@dO32@e16 | |
| 振动与波.第一册/г.C.高列力克著/冯秉铨等译.-北京:高等教育出版社,1955.08 |
| 197页;26cm |
| 高等学校教学用书 |
| ISBN :CNY1.60 |
| ● |
| 相关链接 |
|
|
|
|
正题名:振动与波
索取号:O32/16
 
预约/预借
| 序号 | 登录号 | 条形码 | 馆藏地/架位号 | 状态 | 备注 |
| 1 | 0442582 | 204425826 | 密集书库/ [索取号:O32/16] | 在馆 | |
| 2 | 0442583 | 204425835 | 密集书库/ [索取号:O32/16] | 在馆 | |
| 3 | 0442584 | 204425844 | 密集书库/ [索取号:O32/16] | 在馆 |